<?xml version="1.0" encoding="UTF-8"?>
<record
    xmlns:xsi="http://www.w3.org/2001/XMLSchema-instance"
    xsi:schemaLocation="http://www.loc.gov/MARC21/slim http://www.loc.gov/standards/marcxml/schema/MARC21slim.xsd"
    xmlns="http://www.loc.gov/MARC21/slim">

  <leader>00802nam a22001817a 4500</leader>
  <datafield tag="952" ind1=" " ind2=" ">
    <subfield code="0">0</subfield>
    <subfield code="1">0</subfield>
    <subfield code="4">0</subfield>
    <subfield code="7">0</subfield>
    <subfield code="a">18</subfield>
    <subfield code="b">18</subfield>
    <subfield code="d">2016-06-10</subfield>
    <subfield code="l">2</subfield>
    <subfield code="o">HV5801 D76</subfield>
    <subfield code="p">18 003204</subfield>
    <subfield code="r">2019-06-21</subfield>
    <subfield code="s">2019-06-21</subfield>
    <subfield code="t">1</subfield>
    <subfield code="w">2016-06-10</subfield>
    <subfield code="y">LB</subfield>
  </datafield>
  <datafield tag="999" ind1=" " ind2=" ">
    <subfield code="c">100082</subfield>
    <subfield code="d">100082</subfield>
  </datafield>
  <controlfield tag="008">160610s2004    sp a|||fr|||| 00| 0 spa d</controlfield>
  <datafield tag="020" ind1=" " ind2=" ">
    <subfield code="a">8480556919</subfield>
  </datafield>
  <datafield tag="050" ind1="0" ind2="4">
    <subfield code="a">HV5801 </subfield>
    <subfield code="b">D76</subfield>
  </datafield>
  <datafield tag="245" ind1="1" ind2="3">
    <subfield code="a">Las Drogas</subfield>
    <subfield code="c"> / Fernando Caballero Mart&#xED;nez coordinador</subfield>
  </datafield>
  <datafield tag="260" ind1="3" ind2=" ">
    <subfield code="a">Espa&#xF1;a</subfield>
    <subfield code="b"> : Cultural</subfield>
    <subfield code="c">, 2004</subfield>
  </datafield>
  <datafield tag="300" ind1=" " ind2=" ">
    <subfield code="a">224 p&#xE1;ginas</subfield>
    <subfield code="b"> : ilustrado</subfield>
  </datafield>
  <datafield tag="505" ind1=" " ind2=" ">
    <subfield code="a">Las drogas: qu&#xE9; son y su historia
C&#xF3;mo educar y prevenir
Las drogas: d&#xF3;nde y c&#xF3;mo act&#xFA;an
Tipolog&#xED;as de las drogas
La drogadicci&#xF3;n y sus etapas
Factores de riesgo
Consecuencias del uso de drogas</subfield>
  </datafield>
  <datafield tag="519" ind1=" " ind2=" ">
    <subfield code="a">Plan Flexible / </subfield>
    <subfield code="b">Psicolog&#xED;a / </subfield>
    <subfield code="c">Tratamiento de Adicciones (P20-2) / </subfield>
    <subfield code="d">(18 003204)</subfield>
  </datafield>
  <datafield tag="650" ind1="1" ind2="4">
    <subfield code="a">DROGAS</subfield>
    <subfield code="x">PREVENCI&#xD3;N</subfield>
  </datafield>
  <datafield tag="650" ind1="1" ind2="4">
    <subfield code="a">DROGAS</subfield>
    <subfield code="x">ESTUDIO Y ENSE&#xD1;ANZA</subfield>
  </datafield>
  <datafield tag="700" ind1="1" ind2=" ">
    <subfield code="a">Caballero Mart&#xED;nez, Fernando</subfield>
    <subfield code="e">coordinador</subfield>
  </datafield>
  <datafield tag="942" ind1=" " ind2=" ">
    <subfield code="c">LB</subfield>
  </datafield>
</record>
